গণমানুষের মুক্তির আন্দোলনে, প্রথম খণ্ড / (Record no. 18374)

MARC details
000 -LEADER
fixed length control field 01115nam a22002057a 4500
003 - CONTROL NUMBER IDENTIFIER
control field BDDh-ASL
005 - DATE AND TIME OF LATEST TRANSACTION
control field 20231015025714.0
008 - FIXED-LENGTH DATA ELEMENTS--GENERAL INFORMATION
fixed length control field 200928b2009 ||||| |||| 00| 0 d
040 ## - CATALOGING SOURCE
Original cataloging agency BDDh-ASL
Transcribing agency BDDh-ASL
Modifying agency BDDh-ASL
041 ## - LANGUAGE CODE
Language code of text/sound track or separate title Bengali
082 ## - DEWEY DECIMAL CLASSIFICATION NUMBER
Classification number 323.44
Item number KHG
100 1# - MAIN ENTRY--PERSONAL NAME
Personal name খানম, মাহফুজা
9 (RLIN) 1221
245 1# - TITLE STATEMENT
Title গণমানুষের মুক্তির আন্দোলনে, প্রথম খণ্ড /
Statement of responsibility, etc. মাহফুজা খানম ও তপন কুমার দে।
246 ## - VARYING FORM OF TITLE
Title proper/short title Gono Manusher Muktir Andolone. Volume-01.
260 ## - PUBLICATION, DISTRIBUTION, ETC.
Place of publication, distribution, etc. ঢাকা:
Name of publisher, distributor, etc. মাহফুজ শফিক,
Date of publication, distribution, etc. ২০০৯।
300 ## - PHYSICAL DESCRIPTION
Extent ৬০৮ পৃষ্ঠা:
Other physical details ছবি;
Dimensions ২২ সে. মি.।
650 #0 - SUBJECT ADDED ENTRY--TOPICAL TERM
9 (RLIN) 1223
Topical term or geographic name entry element মুক্তির আন্দোলন
General subdivision বিভিন্ন শ্রেণির জনগণের মধ্যে রাষ্ট্রের সম্পর্ক
-- বিশিষ্ট ব্যক্তিবর্গের কর্মকান্ড
700 1# - ADDED ENTRY--PERSONAL NAME
Personal name দে, তপন কুমার
9 (RLIN) 1222
942 ## - ADDED ENTRY ELEMENTS (KOHA)
Source of classification or shelving scheme Dewey Decimal Classification
Koha item type Books
Holdings
Withdrawn status Lost status Source of classification or shelving scheme Damaged status Not for loan Collection code Home library Current library Shelving location Date acquired Source of acquisition Serial Enumeration / chronology Total Checkouts Full call number Barcode Date last seen Copy number Price effective from Koha item type
    Dewey Decimal Classification     Non-fiction Asiatic Society Library Asiatic Society Library General Stacks 09/28/2020 Complementary V-1   323.44 KHG 101559 09/28/2020 C-1 09/28/2020 Books
    Dewey Decimal Classification     Non-fiction Asiatic Society Library Asiatic Society Library General Stacks 09/28/2020 Complementary V-1   323.44 KHG 101560 09/28/2020 C-2 09/28/2020 Books

Powered by Koha